LEADER 03907nam 22007215 450 001 9910460349703321 005 20210107005612.0 010 $a1-283-27786-7 010 $a9786613277862 010 $a0-520-94875-0 024 7 $a10.1525/9780520948754 035 $a(CKB)2670000000077723 035 $a(EBL)675855 035 $a(OCoLC)710975199 035 $a(SSID)ssj0000469435 035 $a(PQKBManifestationID)11312395 035 $a(PQKBTitleCode)TC0000469435 035 $a(PQKBWorkID)10510488 035 $a(PQKB)11285938 035 $a(StDuBDS)EDZ0000084572 035 $a(DE-B1597)519619 035 $a(OCoLC)716238852 035 $a(DE-B1597)9780520948754 035 $a(MiAaPQ)EBC675855 035 $a(EXLCZ)992670000000077723 100 $a20200424h20112011 fg 101 0 $aeng 135 $aur|n|---||||| 181 $ctxt 182 $cc 183 $acr 200 10$aFunky Nassau $eRoots, Routes, and Representation in Bahamian Popular Music /$fTimothy Rommen 210 1$aBerkeley, CA : $cUniversity of California Press, $d[2011] 210 4$d©2011 215 $a1 online resource (332 p.) 225 0 $aMusic of the African Diaspora ;$v15 300 $aDescription based upon print version of record. 311 $a0-520-26568-8 320 $aIncludes bibliographical references and index. 327 $tFrontmatter -- $tContents -- $tPreface -- $tAcknowledgments -- $tMap of the Bahamas -- $t1. Nassau's Gone Funky: Sounding Some Themes in Bahamian Music -- $t2. "Muddy da Water": Provincializing the Center, or Recentering the Periphery through Rake-n-Scrape -- $t3. "Calypso Island": Exporting the Local, Particularizing the Region, and Developing the Sounds of Goombay -- $t4. "Gone ta Bay": Institutionalizing Junkanoo, Festivalizing the Nation -- $t5. "A New Day Dawning": Cosmopolitanism, Roots, and Identity in the Postcolony -- $t6. "Back to the Island": Travels in Paradox-Creating the Future-Past -- $tEpilogue -- $tNotes -- $tBibliography -- $tIndex 330 $aThis book examines the role music has played in the formation of the political and national identity of the Bahamas. Timothy Rommen analyzes Bahamian musical life as it has been influenced and shaped by the islands' location between the United States and the rest of the Caribbean; tourism; and Bahamian colonial and postcolonial history. Focusing on popular music in the second half of the twentieth and early twenty-first centuries, in particular rake-n-scrape and Junkanoo, Rommen finds a Bahamian music that has remained culturally rooted in the local even as it has undergone major transformations. Highlighting the ways entertainers have represented themselves to Bahamians and to tourists, Funky Nassau illustrates the shifting terrain that musicians navigated during the rapid growth of tourism and in the aftermath of independence. 410 0$aMusic of the African Diaspora 606 $aPopular music - Bahamas - History and criticism 606 $aPopular music -- Bahamas -- History and criticism 606 $aPopular music$xHistory and criticism$zBahamas 606 $aMusic$2HILCC 606 $aMusic, Dance, Drama & Film$2HILCC 606 $aMusic History & Criticism, Popular - Jazz, Rock, etc$2HILCC 608 $aElectronic books. 615 4$aPopular music - Bahamas - History and criticism. 615 4$aPopular music -- Bahamas -- History and criticism. 615 0$aPopular music$xHistory and criticism 615 7$aMusic 615 7$aMusic, Dance, Drama & Film 615 7$aMusic History & Criticism, Popular - Jazz, Rock, etc. 676 $a781.64097296 700 $aRommen$b Timothy, $4aut$4http://id.loc.gov/vocabulary/relators/aut$01053298 801 0$bDE-B1597 801 1$bDE-B1597 906 $aBOOK 912 $a9910460349703321 996 $aFunky Nassau$92485133 997 $aUNINA LEADER 01162nam a22002771i 4500 001 991001402139707536 005 20031107203011.0 008 040407s1984 it |||||||||||||||||ita 035 $ab12764784-39ule_inst 035 $aARCHE-074441$9ExL 040 $aDip.to Scienze Storiche$bita$cA.t.i. Arché s.c.r.l. Pandora Sicilia s.r.l. 082 04$a945.78 100 1 $aPaparazzo, Amelia$0134175 245 12$aI subalterni calabresi tra rimpianto e trasgressione :$bla Calabria dal brigantaggio post-unitario all'età giolittiana /$cAmelia Paparazzo ; prefazione di Camillo Daneo 260 $aMilano :$bF. Angeli,$cc1984 300 $a169 p. ;$c22 cm 440 0$aStoria 650 4$aBrigantaggio$zCalabria$y1861-1911 651 4$aCalabria$xCondizioni economiche e sociali$y1861-1911 700 1 $aDaneo, Camillo 907 $a.b12764784$b02-04-14$c16-04-04 912 $a991001402139707536 945 $aLE009 STOR.62-145$g1$i2009000208704$lle009$o-$pE0.00$q-$rn$so $t0$u2$v0$w2$x0$y.i13306169$z16-04-04 996 $aSubalterni calabresi tra rimpianto e trasgressione$9294469 997 $aUNISALENTO 998 $ale009$b16-04-04$cm$da $e-$fita$git $h2$i1